Statistieken voor Vlaggen van de Nederlandse Gemeenten

Klik hier om de quiz te nemen!

Algemene statistieken

  • Deze quiz is 22 keer genomen
  • De gemiddelde score is 112 van 339

Antwoordstatistieken

Antwoord% Correct
Amsterdam
90%
Groningen
90%
Maastricht
80%
Utrecht
80%
Aalten
70%
Alkmaar
70%
Beuningen
70%
Haarlem
70%
Middelburg
70%
Rijssen-Holten
70%
Rotterdam
70%
Urk
70%
Veere
70%
Altena
60%
Arnhem
60%
Assen
60%
Bergen (Limburg)
60%
Bergen (Noord-Holland)
60%
Bergen op Zoom
60%
Bronckhorst
60%
Het Hogeland
60%
Hollands Kroon
60%
Leiden
60%
Lelystad
60%
Midden-Groningen
60%
's-Hertogenbosch (Den Bosch)
60%
Súdwest-Fryslân
60%
Almere
50%
Amstelveen
50%
Apeldoorn
50%
Breda
50%
Bunschoten
50%
Dordrecht
50%
Edam-Volendam
50%
Eindhoven
50%
Goes
50%
Heerenveen
50%
Heerlen
50%
Hengelo
50%
Huizen
50%
Kaag en Braassem
50%
Maassluis
50%
Noordoostpolder
50%
's-Gravenhage (Den Haag)
50%
Steenwijkerland
50%
Stein
50%
Tilburg
50%
Venray
50%
Vlissingen
50%
Weert
50%
Westerkwartier
50%
Wijdemeren
50%
Zeewolde
50%
Zutphen
50%
Zwolle
50%
Aalsmeer
40%
Almelo
40%
Amersfoort
40%
Baarn
40%
Beek
40%
Brunssum
40%
Cranendonck
40%
Den Helder
40%
Deurne
40%
Echt-Susteren
40%
Eemsdelta
40%
Emmen
40%
Enkhuizen
40%
Gennep
40%
Haarlemmermeer
40%
Harlingen
40%
Hattem
40%
Helmond
40%
Hilversum
40%
Hoorn
40%
Horst aan de Maas
40%
Kapelle
40%
Kerkrade
40%
Leudal
40%
Meppel
40%
Midden-Drenthe
40%
Montferland
40%
Mook en Middelaar
40%
Nieuwegein
40%
Nijmegen
40%
Noord-Beveland
40%
Peel en Maas
40%
Pijnacker-Nootdorp
40%
Roosendaal
40%
Schiedam
40%
Schouwen-Duiveland
40%
Sluis
40%
Tholen
40%
Utrechtse Heuvelrug
40%
Vaals
40%
Valkenburg aan de Geul
40%
Venlo
40%
Voerendaal
40%
Westland
40%
Zoetermeer
40%
Zuidplas
40%
Zundert
40%
Aa en Hunze
30%
Alblasserdam
30%
Alphen aan den Rijn
30%
Alphen-Chaam
30%
Ameland
30%
Asten
30%
Baarle-Nassau
30%
Barendrecht
30%
Barneveld
30%
Beekdaelen
30%
Beesel
30%
Berg en Dal
30%
Best
30%
Beverwijk
30%
Blaricum
30%
Bloemendaal
30%
Boekel
30%
Bonaire
30%
Borne
30%
Borsele
30%
Boxtel
30%
Brummen
30%
Bunnik
30%
Capelle aan den IJssel
30%
Castricum
30%
Coevorden
30%
Culemborg
30%
Dantumadeel
30%
De Bilt
30%
De Friese Meren
30%
Delft
30%
De Ronde Venen
30%
Deventer
30%
De Wolden
30%
Diemen
30%
Doetinchem
30%
Dongen
30%
Drimmelen
30%
Dronten
30%
Duiven
30%
Ede
30%
Eemnes
30%
Eersel
30%
Eijsden-Margraten
30%
Elburg
30%
Enschede
30%
Epe
30%
Ermelo
30%
Etten-Leur
30%
Geertruidenberg
30%
Gemert-Bakel
30%
Gilze en Rijen
30%
Goeree-overflakkee
30%
Goirle
30%
Gorinchem
30%
Gouda
30%
Gulpen-Wittem
30%
Halderberge
30%
Harderwijk
30%
Hardinxveld-Giessendam
30%
Heemskerk
30%
Heemstede
30%
Heeze-Leende
30%
Heiloo
30%
Hellendoorn
30%
Hendrik-Ido-Ambacht
30%
Heumen
30%
Heusden
30%
Hillegom
30%
Hilvarenbeek
30%
Hoogeveen
30%
Houten
30%
Hulst
30%
Kampen
30%
Koggenland
30%
Krimpen aan den IJssel
30%
Laarbeek
30%
Landgraaf
30%
Land van Cuijk
30%
Lansingerland
30%
Laren
30%
Leeuwarden
30%
Leiderdorp
30%
Leusden
30%
Lisse
30%
Loon op Zand
30%
Lopik
30%
Maasdriel
30%
Maasgouw
30%
Medemblik
30%
Meerssen
30%
Midden-Delfland
30%
Moerdijk
30%
Montfoort
30%
Nederweert
30%
Nijkerk
30%
Nissewaard
30%
Nuenen c.a.
30%
Nunspeet
30%
Oirschot
30%
Oisterwijk
30%
Ommen
30%
Oosterhout
30%
Oss
30%
Oude IJsselstreek
30%
Ouder-Amstel
30%
Papendrecht
30%
Purmerend
30%
Putten
30%
Raalte
30%
Reusel-De Mierden
30%
Rheden
30%
Ridderkerk
30%
Rijswijk
30%
Roerdalen
30%
Roermond
30%
Rozendaal
30%
Rucphen
30%
Saba
30%
Schagen
30%
Scherpenzeel
30%
Simpelveld
30%
Sint-Michielsgestel
30%
Sittard
30%
Sliedrecht
30%
Someren
30%
Stede Broec
30%
Terneuzen
30%
Texel
30%
Teylingen
30%
Valkenswaard
30%
Veldhoven
30%
Velsen
30%
Vijfheerenlanden
30%
Vlaardingen
30%
Voorschoten
30%
Vught
30%
Waalre
30%
Waalwijk
30%
Waddinxveen
30%
Wassenaar
30%
Waterland
30%
Wijk bij Duurstede
30%
Winterswijk
30%
Woensdrecht
30%
Woerden
30%
Wormerland
30%
Zaanstad
30%
Zandvoort
30%
Zeist
30%
Zevenaar
30%
Achtkarspelen
20%
Albrandswaard
20%
Bergeijk
20%
Bernheze
20%
Bladel
20%
Bodegraven-Reeuwijk
20%
Borger-Odoorn
20%
Buren
20%
Dalfsen
20%
Doesburg
20%
Drechterland
20%
Geldrop-Mierlo
20%
Haaksbergen
20%
Heerde
20%
Hoeksche Waard
20%
Hof van Twente
20%
IJsselstein
20%
Katwijk
20%
Krimpenerwaard
20%
Landsmeer
20%
Leidschendam-Voorburg
20%
Lingewaard
20%
Lochem
20%
Losser
20%
Meierijstad
20%
Neder-Betuwe
20%
Nieuwkoop
20%
Noordenveld
20%
Noordwijk
20%
Oegstgeest
20%
Oldambt
20%
Oldenzaal
20%
Olst-Wijhe
20%
Oost-Gelre
20%
Ooststellingwerf
20%
Oostzaan
20%
Opmeer
20%
Opsterland
20%
Oudewater
20%
Overbetuwe
20%
Reimerswaal
20%
Renkum
20%
Renswoude
20%
Rhenen
20%
Schiermonnikoog
20%
Sint Eustatius
20%
Soest
20%
Son en Breugel
20%
Stadskanaal
20%
Staphorst
20%
Steenbergen
20%
Stichtse Vecht
20%
Terschelling
20%
Tiel
20%
Tubbergen
20%
Twenterand
20%
Tynaarlo
20%
Veendam
20%
Veenendaal
20%
Vlieland
20%
Waadhoeke
20%
Wageningen
20%
Westerveld
20%
Westervoort
20%
Westerwolde
20%
West Maas en Waal
20%
Weststellingwerf
20%
Wierden
20%
Wijchen
20%
Zaltbommel
20%
Zoeterwoude
20%
Zwartewaterland
20%
Berkelland
10%
Druten
10%
Hardenberg
10%
Noardeast-Fryslân
10%
Oldebroek
10%
Pekela
10%
Smallingerland
10%
Tietjerksteradeel
10%
Uitgeest
10%
Uithoorn
10%
Voorst
10%
Woudenberg
10%
Denekamp
0%
Zwijdrecht
0%

Scoreverdeling

Percentiel versus Aantal Correcte Antwoorden

Procent van Mensen met Elke Score

Uw Scoregeschiedenis

U heeft deze quiz nog niet genomen